Quizzes
Events
Quiz Creation
Community
Videos
Private Events
Remove Ads
Sign In
Join for FREE
Feedback
Dark Mode
Quiz Categories
Sports
Geography
Music
Movies
Television
Just For Fun
Miscellaneous
History
Literature
Language
Science
Gaming
Entertainment
Religion
Holiday
For Kids
Quiz Lab
Recent
Popular Today
Quiz Kudos Today
Editor Picks
Curator Picks
Quizzes by...
Day
Popularity
Type
Ratings
Length
Year
Community
Subscriptions
Recent Discussions
Orange Saloon
Badges
Playlists
Quests
Create
Leaderboards
Showdown
Live 5
Trivia Bingo
Activity
Puzzle Library
Sporcle Events
Private Events
Virtual Trivia
Globe League
Become a Host
Pub Owners
SporcleCon
Opinionation
Our Games
Videos
Blog
Mobile Apps
Partnerships
Remove Ads and Go Orange
Feedback
Music
Pop Music
The Beatles
Song
Album
Lyrics
Bands
Singers
Artist
Clip
Rock
Rap
Classical
Billboard
Country Music
Kpop
Taylor Swift
Music
Pop Music
The Beatles
Song
Album
Lyrics
Bands
Singers
Artist
Clip
Rock
Rap
Classical
Billboard
Country Music
Kpop
Taylor Swift
Random Quiz
Search Sporcle
×
Quiz Lab
Quiz Lab
Music
Rap
Select answers by clicking on text or image buttons
Select answers by clicking on text or image buttons
Clickable
Best Score? Go Orange.
Gin And Juice Lyrics Stats
Can you pick the lyrics to Gin And Juice by Snoop Doggy Dogg?
By
iknow
10m
25 Questions
690 Plays
690 Plays
690 Plays
Comments
Comments
Give Quiz Kudos
Give Quiz Kudos
-
- Ratings
hide this ad
More Info
Forced Order
Answers have to be entered in order
Answers have to be entered in order
Replay
Link that replays current quiz
Next Quiz
Link to next quiz in quiz playlist
You Got
0%
They Got
Avg Score
83%
Avg Friend Score
Upgrade to see
Score Distribution
Jump to the score distribution portion of the page
Score
0/25
Timer
10:00
0
Plays Today
% Correct
It's kinda hard being Snoop D-O-double-G
96.5%
Keep coming up with funky a** s**t like every single day
94.6%
And they ain't leaving til 6 in the mornin'
93.8%
Sippin' on gin and juice
90.7%
With my mind on my money and my money on my mind
89.6%
With my mind on my money and my money on my mind
88.3%
Sippin' on gin and juice
87.7%
I got a pocket full of rubbers and my homeboys do too
87.5%
G's up, hoes down, while you motherf***ers bounce to this
86.1%
She used to be the homeboy's lady
85.9%
You got to get yours but fool I gotta get mine
83.9%
Everybody got they cups, but they ain't chipped in
83.9%
And make a few ends as I breeze through
83.6%
% Correct
Cause my momma ain't home
83.6%
My homey Dr. Dre came through with a gang of Tanqueray and a fat ass J
82.9%
But (but what) we don't love them hoes, yeah
82.3%
Cause when I bust my nut, I'm raising up off the cot
80%
Tanqueray and chronic: yeah I'm f***ed up now
79.1%
S**t, this ain't no joke
78.7%
I don't love you hoes, I'm out the door!
77.7%
Raise up off these N-U-T's, cause you gets none of these, at ease
77.5%
Dre got some b*tches from the city of Compton
77.1%
I got the cultivating music that be captivating he
76.7%
As I take me a drink to the middle of the street
75.7%
Feel the breeze, beyotch, I'm just
63.6%
Quiz Playlist
Details
Report
Send in Message
Add To Playlist
More Info:
This quiz does not include the intro of the song.
Clickable:
Select answers by clicking on text or image buttons
Forced Order:
Answers have to be entered in order
Quiz Source
Last Updated: Aug 29, 2017
Quiz Scoreboard
CHALLENGE
Sign Up to Join the Scoreboard
Show All
Scores
Hide
Comments
May contain spoilers
Recently Published
An Introduction to Baseball
by treessimontrees
Sports
5m
Movies - When Are They Set?
by FPL_Elf
Movies
5m
Popular People in 1961
by mucciniale
History
6m
More to Explore
Quiz From the Vault
Featured Blog Post
Where Did the Easter Bunny Come From?
hide this ad
You Might Also Like...
Tags
Clickable Quiz
Lyrics Quiz
Rap Quiz
Song Quiz
juice
Rap Artists
Rap Lyrics
Rap Songs
snoop
Snoop Dogg
West Coast
Today's Top Quizzes in Music
Browse Music
hide this ad
Today's Top Quizzes in Rap
Browse Rap
Top Contributed Quizzes in Music
1
Taylor Swift All Songs (2024)
2
2010s Album by Cover III
3
Guess the Artist- 70s Songs
4
One Thing in Common: Music
5
Taylor Swift Logic Puzzle
6
Guess the Taylor Swift song (Mystery Song)
7
2010s Album by Cover IV
8
2010s Album by Cover V
9
KPOP LOGIC QUIZ
10
Kpop Logic Quiz
Explore More
Trending Topics
Harry Potter
NBA
Marvel
Crossword
Anime
Disney
Kpop
Pokémon
NFL
WWE
The Office
Puzzle
Song
Soccer
Country
hide this ad
More By:
iknow
Quiz
Plays
Rating
Category
Featured
Created
Follow That Line: Friends
304,463
4.57
Television
Sep 28, 2012
Follow That Line: Friends II
158,597
4.60
Television
Sep 29, 2012
Follow That Line: Save The Last Dance
1,321
3.71
Movies
Sep 24, 2012
Follow That Lyric: Boyband Edition
1,311
5.00
Music
Apr 12, 2013
Gin And Juice Lyrics
690
5.00
Music
Sep 22, 2013
Go to Creator's Profile
Score Distribution
Quiz Creator Spotlight
iknow
Follow
Send a Message
Quizzes Created
-
Created Quiz Play Count
-
More By This Creator
Popular Quizzes Today
1
Find the Countries of Europe - No Outlines Minefield
2
Find the US States - No Outlines Minefield
3
The Countries of the World
4
Popular People in 1961
5
US States
6
1-10 Letter E Words III
7
Find the US States
8
Risky Map Clicking: Biggest States A-Z
More Music Quizzes
Billboard Magazine Covers
Published
Trending Quizzes
Risky Map Clicking: Least Populous States A-Z
1-10 Letter F Words
1-10 Letter G Words
One Thing in Common: United Kingdom
Risky Map Clicking: Next State Alphabetically
Recently Updated
Leaping Animals
pecheneg
Reality TV Shows (A-Z)
bhenderson79
Rickey Henderson's Hall of Fame Teammates
pecheneg
Champions League XIs: Arsenal
pecheneg
Quick Pick: Celebrities in WWE's Hall of Fame
aduchscher
A-Z Keypad Blitz II
pecheneg
Multiple Oscar Actors
pecheneg
Mystery Phrase Blitz: Oscar 'Best Actors'
pecheneg
F. Scott Fitzgerald Novels
LTH
Pick 3 Villains
ddd62291
Trending Topics
NBA
Kpop
Harry Potter
Disney
Anime
Marvel
Crossword
The Office
Song
NFL
Puzzle
Country
Soccer
Pokémon
WWE
Your Account Isn't Verified!
In order to create a playlist on Sporcle, you need to verify the email address you used during registration. Go to your
Sporcle Settings
to finish the process.
Report this User
Report this user for behavior that violates our
Community Guidelines
.
Details:
Send Report
Go to the Sporcle.com Mobile Site →
Comments